[Event "VI Sunway Sitges Open 2019"]
[Site "Sitges"]
[Date "2019.12.19"]
[Round "7.10"]
[White "Donchenko, Alexander"]
[Black "Moradiabadi, Elshan"]
[Result "1-0"]
[WhiteElo "2644"]
[BlackElo "2539"]
[Annotator "TA"]
[PlyCount "83"]
[EventDate "2019.12.13"]
[EventType "swiss"]
[EventCountry "ESP"]
[SourceTitle "playchess.com"]
[Source "ChessBase"]
[SourceQuality "1"]

{[%evp 9,83,27,58,51,66,58,58,56,36,50,64,64,78,86,128,102,112,118,113,107,105,37,48,41,43,18,22,16,15,10,29,9,31,0,0,0,0,-8,-11,-41,-36,-160,-138,-132,-131,-136,-142,-122,-101,-108,-84,-107,-19,-19,-21,-29,0,0,0,0,0,0,83,91,717,50,688,703,583,280,575,0,0,0,554,520]} 1. c4 e5 2. Nc3 Bb4 3. Nd5 Bc5 4. e3 c6 5. d4 cxd5 6. dxc5 {A21: English Opening: 1...e5 2 Nc3} Qa5+ 7. Bd2 Qxc5 8. Qg4 {White is slightly better.} g6 9. Rc1 $146 ({Predecessor:} 9. b4 Qd6 10. cxd5 Nf6 11. Qc4 Na6 12. Rc1 b6 {1-0 (64) So,W (2812)-Bacrot,E (2708) Paris 2017}) 9... d6 10. Qh4 Qb6 11. cxd5 Na6 12. Qa4+ Bd7 13. Qa3 $1 Rc8 14. Rxc8+ Bxc8 15. Ne2 (15. Nf3 $16) 15... Nf6 16. Nc3 O-O 17. Bxa6 bxa6 18. e4 a5 {[%cal Ba6a5,Ba5b4][%mdl 32]} 19. Be3 Qb4 20. f3 {With the idea Qxb4.} Ba6 21. Qxb4 axb4 22. Nd1 Nd7 23. Nf2 f5 24. Bh6 Rc8 25. Kd2 {[#]} (25. Kd1 $1 $15) 25... b3 $1 $17 {[%mdl 512]} 26. axb3 Nc5 27. Be3 Nxb3+ 28. Kd1 Rc4 {Threatens to win with ...f4.} 29. f4 Bb5 30. Re1 Ba4 (30... Kf7 $17 31. h4 Ke7) 31. Ke2 $1 $11 fxe4 {aiming for ...exf4.} 32. Kf1 a5 33. fxe5 dxe5 34. Ng4 Rc2 35. Kg1 Rxb2 {[#]} (35... Bb5 $11 {remains equal.}) 36. Rf1 $1 $16 {Intending Nh6+ and mate.} Bb5 $2 {[%mdl 8192] [#]} (36... g5 $16) 37. d6 $2 (37. Nh6+ $1 $18 Kh8 38. Rf8+ Kg7 39. Rf7+ Kh8 40. h4 Rb1+ 41. Kh2) 37... Nd4 $2 {[%mdl 8192]} (37... g5 $14) 38. Nh6+ $18 Kg7 39. Rf7+ Kh8 {...Ne2+ is the strong threat.} 40. Rf8+ Kg7 41. Rf7+ Kh8 {White must now prevent ...Ne2+.} 42. h4 {Accuracy: White = 61%, Black = 52%.} 1-0

[Event "VI Sunway Sitges Open 2019"]
[Site "Sitges"]
[Date "2019.12.19"]
[Round "7.11"]
[White "Heimann, Andreas"]
[Black "Harsha Bharathakoti"]
[Result "1-0"]
[WhiteElo "2617"]
[BlackElo "2523"]
[Annotator "TA"]
[PlyCount "96"]
[EventDate "2019.12.13"]
[EventType "swiss"]
[EventCountry "ESP"]
[SourceTitle "playchess.com"]
[Source "ChessBase"]
[SourceQuality "1"]

{[%evp 27,96,30,19,40,9,4,23,23,35,0,0,0,0,13,10,0,0,0,0,-8,-9,-5,-6,-10,8,8,31,28,23,31,25,0,33,33,39,38,49,43,56,72,66,58,84,64,60,58,150,133,140,145,127,75,159,26,20,20,298,298,298,298,285,273,427,426,420,427,445,423,893,572,29994]} 1. e4 c5 2. Nf3 Nc6 3. d4 cxd4 4. Nxd4 Nf6 5. Nc3 e5 6. Ndb5 d6 7. Bg5 a6 8. Na3 b5 9. Bxf6 gxf6 10. Nd5 f5 11. g3 fxe4 12. Bg2 Be6 13. Bxe4 Bg7 14. Qh5 Rc8 15. O-O {B33: Sicilian: Pelikan and Sveshnikov Variations} Ne7 16. Rfd1 {[#]} Rc5 $146 {[%cal Re7d5]} ({Predecessor:} 16... Nxd5 17. Bxd5 O-O 18. c3 Rc5 19. Qf3 Qd7 20. Rd2 Bh6 21. Rd3 Bg4 22. Qf6 Bg7 23. Qg5 e4 24. Rd2 Bf3 25. Nc2 Kh8 26. Ne1 Qh3 27. Qf4 e3 28. fxe3 Bxd5 29. Qxd6 Bc4 {0-1 (29) Zapata,A (2565)-Illescas Cordoba,M (2590) Linares 1994}) 17. Nxe7 {White has an edge.} Qxe7 18. c3 (18. b4 $5 {[%cal Rb4c5]} Rc3 19. Rd3 Rxd3 20. cxd3 $17) 18... d5 19. Bf5 Bxf5 20. Qxf5 Qe6 21. Qg5 O-O 22. Nc2 $1 f5 23. Qe3 Rc6 24. Qd2 Rd6 25. f4 $1 exf4 26. Qxf4 Bh6 27. Qf3 f4 28. g4 Bg7 29. Kh1 b4 30. Re1 Qf7 31. Nxb4 d4 32. Rad1 a5 33. Nc6 {[%mdl 64] Double Attack} Qxa2 34. Ne7+ Kh8 35. Nf5 {[%mdl 64] Double Attack} Rd7 36. Rd2 $36 {[%cal Rc3d4][%mdl 2048] White has the initiative.} a4 (36... d3 $14) 37. cxd4 $16 a3 38. Qxa3 Qd5+ 39. Rg2 (39. Kg1 $142) 39... Rc8 (39... Rfd8 $142) 40. Ne7 ({Better is} 40. Qc5 $1 $16 {[%cal Rc5c8]} Qb7 41. Nd6 Rxc5 42. Re8+ (42. Nxb7 Rc8 $14) 42... Bf8 43. Nxb7 Rc1+ 44. Rg1 Rxg1+ 45. Kxg1) 40... Rxe7 $1 $11 41. Qxe7 {Qe4 is the strong threat.} f3 $2 {[%mdl 8192] [#]} (41... Bxd4 $11 42. Rf1 f3) 42. Rf2 $1 $18 Bxd4 43. Rff1 f2+ 44. Re4 Qb5 {[#]} (44... h5 $142 45. Qe6 Qxe6 46. Rxe6 hxg4) 45. Re2 $1 ({Less strong is} 45. Rxf2 Bxf2 46. Qf6+ Kg8 $14) 45... Rg8 {Strongly threatening ...Qd5+.} 46. Qe4 Rd8 {White is clearly winning.} 47. Kg2 Qb4 (47... Bb6 $142 48. Qe5+ Qxe5 49. Rxe5 Rd7) 48. Rexf2 {Black must now prevent Rf7.} Ra8 {Accuracy: White = 59%, Black = 39%.} 1-0

[Event "VI Sunway Sitges Open 2019"]
[Site "Sitges"]
[Date "2019.12.19"]
[Round "7.12"]
[White "Nihal Sarin"]
[Black "Girish, A. Koushik"]
[Result "1/2-1/2"]
[WhiteElo "2612"]
[BlackElo "2506"]
[Annotator "RC"]
[PlyCount "125"]
[EventDate "2019.12.13"]
[EventType "swiss"]
[EventCountry "ESP"]
[SourceTitle "playchess.com"]
[Source "ChessBase"]
[SourceQuality "1"]
[TimeControl "40/5400+30:1800+30"]

1. c4 {[%emt 0:03:24]} e6 {[%emt 0:00:03]} 2. Nf3 {[%emt 0:00:06]} Nf6 {[%emt 0:00:07]} 3. g3 {[%emt 0:00:05]} d5 {[%emt 0:00:07]} 4. Bg2 {[%emt 0:00:05]} Be7 {[%emt 0:01:15]} 5. O-O {[%emt 0:00:11]} O-O {[%emt 0:00:04]} 6. b3 {[%emt 0:00:06]} c5 {[%emt 0:02:06]} 7. Bb2 {[%emt 0:01:46]} Nc6 {[%emt 0:00:06]} 8. cxd5 {[%emt 0:00:39]} Nxd5 {[%emt 0:00:13]} 9. d4 {[%emt 0:00:15]} cxd4 {[%emt 0:01:37]} 10. Nxd4 {[%emt 0:00:19]} Bf6 {[%emt 0:12:43]} 11. Na3 {[%emt 0:31:01]} Ndb4 {[%emt 0:17:26]} 12. Nxc6 {[%emt 0:14:14]} bxc6 {[%emt 0:03:33]} 13. Qxd8 {[%emt 0:17:03]} Rxd8 {[%emt 0:00:10]} 14. Bxf6 {[%emt 0:00:01]} gxf6 {[%emt 0:00:08]} 15. Nc4 {[%emt 0:00:02]} Ba6 {[%emt 0:00:29]} 16. Rfc1 {[%emt 0:00:17]} Rac8 {[%emt 0:01:10]} 17. a3 {[%emt 0:03:45]} Nd5 {[%emt 0:00:25]} 18. e3 {[%emt 0:03:14]} c5 {[%emt 0:05:46]} 19. Na5 {[%emt 0:03:46]} Rd7 {[%emt 0:04:34]} 20. Bf1 {[%emt 0:05:28]} Bxf1 {[%emt 0:01:51]} 21. Kxf1 {[%emt 0:00:01]} Nb6 {[%emt 0:00:42]} 22. Rc2 {[%emt 0:00:21]} f5 {[%emt 0:07:03]} 23. Rac1 {[%emt 0:00:14]} Rdc7 {[%emt 0:00:17]} 24. Ke2 {[%emt 0:00:01]} Kg7 {[%emt 0:03:25]} 25. Nc4 {[%emt 0:04:42]} Rc6 {[%emt 0:05:48]} 26. Ne5 {[%emt 0:00:53]} R6c7 {[%emt 0:00:05]} 27. Nc4 {[%emt 0:00:06]} Rc6 {[%emt 0:00:39]} 28. Na5 {[%emt 0:00:54]} R6c7 {[%emt 0:00:12]} 29. Kf3 {[%emt 0:00:11]} Kf6 {[%emt 0:01:05]} 30. e4 {[%emt 0:04:28]} fxe4+ {[%emt 0:02:40]} 31. Kxe4 {[%emt 0:00:01]} h6 {[%emt 0:06:53]} 32. f4 {[%emt 0:00:52]} h5 {[%emt 0:01:36]} 33. Kf3 {[%emt 0:00:58]} Kg7 {[%emt 0:04:15]} 34. Ke2 {[%emt 0:01:28]} Nd5 {[%emt 0:07:08]} 35. Nc4 {[%emt 0:00:22]} h4 {[%emt 0:02:18]} 36. Nd2 {[%emt 0:02:03]} hxg3 {[%emt 0:00:11]} 37. hxg3 {[%emt 0:00:01]} Rh8 {[%emt 0:01:36]} 38. Ne4 {[%emt 0:00:17]} Nf6 {[%emt 0:03:57]} 39. Nxc5 {[%emt 0:02:29]} Rc6 {[%emt 0:00:23]} 40. Kf3 {[%emt 0:00:00]} Rd6 {[%emt 0:00:00]} 41. b4 {[%emt 0:08:16]} Rd4 {[%emt 0:05:20]} 42. Re1 {[%emt 0:02:22]} Kg6 {[%emt 0:00:18]} 43. Rce2 {[%emt 0:15:44]} Nd5 {[%emt 0:02:17]} 44. Re4 {[%emt 0:00:55]} Rd2 {[%emt 0:00:44]} 45. R4e2 {[%emt 0:00:01]} Rd4 {[%emt 0:00:14]} 46. Kg2 {[%emt 0:01:23]} Nc3 {[%emt 0:00:51]} 47. Rc2 {[%emt 0:00:59]} Nd5 {[%emt 0:02:29]} 48. Rf2 {[%emt 0:01:10]} a5 {[%emt 0:03:44]} 49. bxa5 {[%emt 0:01:31]} Rc8 {[%emt 0:00:21]} 50. Ne4 {[%emt 0:03:21]} Ra8 {[%emt 0:02:17]} 51. Nd2 {[%emt 0:01:14]} Ra4 {[%emt 0:01:27]} 52. Nf3 {[%emt 0:01:04]} R4xa5 {[%emt 0:01:55]} 53. f5+ {[%emt 0:00:26]} Kg7 {[%emt 0:04:06]} 54. fxe6 {[%emt 0:00:07]} fxe6 {[%emt 0:00:04]} 55. Rxe6 {[%emt 0:00:49]} Rxa3 {[%emt 0:00:13]} 56. Nd4 {[%emt 0:00:04]} Ra2 {[%emt 0:01:11]} 57. Rxa2 {[%emt 0:01:14]} Rxa2+ {[%emt 0:00:05]} 58. Kf3 {[%emt 0:00:38]} Nf6 {[%emt 0:00:36]} 59. g4 {[%emt 0:00:34]} Kg6 {[%emt 0:03:58]} 60. Kf4 {[%emt 0:00:11]} Ra5 {[%emt 0:00:34]} 61. Re5 {[%emt 0:00:22]} Rxe5 {[%emt 0:00:05]} 62. Kxe5 {[%emt 0:00:02]} Nxg4+ {[%emt 0:00:06]} 63. Ke4 {[%emt 0:00:15]} 1/2-1/2

[Event "VI Sunway Sitges Open 2019"]
[Site "Sitges"]
[Date "2019.12.19"]
[Round "7.13"]
[White "Salgado Lopez, Ivan"]
[Black "Kelires, Andreas"]
[Result "1-0"]
[WhiteElo "2605"]
[BlackElo "2510"]
[Annotator "RC"]
[PlyCount "59"]
[EventDate "2019.12.13"]
[EventType "swiss"]
[EventCountry "ESP"]
[SourceTitle "playchess.com"]
[Source "ChessBase"]
[SourceQuality "1"]
[TimeControl "40/5400+30:1800+30"]

1. Nf3 {[%emt 0:01:26]} d5 {[%emt 0:00:00]} 2. g3 {[%emt 0:00:11]} c6 {[%emt 0:00:34]} 3. Bg2 {[%emt 0:00:34]} Nf6 {[%emt 0:00:27]} 4. O-O {[%emt 0:00:13]} Bf5 {[%emt 0:01:17]} 5. Nh4 {[%emt 0:07:19]} Be4 {[%emt 0:16:43]} 6. f3 {[%emt 0:00:25]} Bg6 {[%emt 0:00:04]} 7. d4 {[%emt 0:01:20]} Nbd7 {[%emt 0:01:19]} 8. Nxg6 {[%emt 0:09:47]} hxg6 {[%emt 0:00:16]} 9. f4 {[%emt 0:00:15]} e6 {[%emt 0:05:26]} 10. c4 {[%emt 0:00:30]} dxc4 {[%emt 0:05:51]} 11. Nc3 {[%emt 0:00:59]} Qa5 {[%emt 0:04:22]} 12. e3 {[%emt 0:02:34]} O-O-O {[%emt 0:09:03]} 13. Bd2 {[%emt 0:01:23]} Nb6 {[%emt 0:12:50]} 14. Qe2 {[%emt 0:04:23]} Qa6 {[%emt 0:08:38]} 15. a4 {[%emt 0:06:02]} Kb8 {[%emt 0:05:48]} 16. Rfc1 {[%emt 0:05:47]} Nbd5 {[%emt 0:03:08]} 17. b3 {[%emt 0:12:05]} Nxc3 {[%emt 0:11:25]} 18. Bxc3 {[%emt 0:04:53]} Nd5 {[%emt 0:01:30]} 19. bxc4 {[%emt 0:01:03]} Nxc3 {[%emt 0:00:40]} 20. Rxc3 {[%emt 0:00:18]} Be7 {[%emt 0:02:03]} 21. Rb3 {[%emt 0:06:49]} Rd7 {[%emt 0:00:07]} 22. a5 {[%emt 0:04:01]} Rh5 {[%emt 0:00:13]} 23. Qa2 {[%emt 0:01:56]} Bf6 {[%emt 0:05:41]} 24. c5 {[%emt 0:05:36]} Rxc5 {[%emt 0:00:05]} 25. Bf1 {[%emt 0:05:27]} Rb5 {[%emt 0:00:03]} 26. Bxb5 {[%emt 0:00:31]} cxb5 {[%emt 0:00:01]} 27. Rc1 {[%emt 0:02:00]} Bd8 {[%emt 0:00:46]} 28. Rbc3 {[%emt 0:01:53]} Rc7 {[%emt 0:00:04]} 29. Qa3 {[%emt 0:01:02]} Rc6 {[%emt 0:01:44]} 30. Qd6+ {[%emt 0:00:21]} 1-0

[Event "VI Sunway Sitges Open 2019"]
[Site "Sitges"]
[Date "2019.12.19"]
[Round "7.14"]
[White "Svane, Rasmus"]
[Black "Garriga Cazorla, Pere"]
[Result "1-0"]
[WhiteElo "2597"]
[BlackElo "2484"]
[Annotator "ChessBase"]
[PlyCount "67"]
[EventDate "2019.12.13"]
[EventType "swiss"]
[EventCountry "ESP"]
[SourceTitle "playchess.com"]
[Source "ChessBase"]
[SourceQuality "1"]
[TimeControl "40/5400+30:1800+30"]

1. d4 {[%emt 0:00:00]} Nf6 {[%emt 0:00:00]} 2. c4 {[%emt 0:00:00]} e6 {[%emt 0:00:00]} 3. Nf3 {[%emt 0:00:00]} d5 {[%emt 0:00:22]} 4. g3 {[%emt 0:00:28]} dxc4 {[%emt 0:01:18]} 5. Bg2 {[%emt 0:00:13]} Nbd7 {[%emt 0:00:15]} 6. O-O {[%emt 0:00:14]} Rb8 {[%emt 0:00:35]} 7. a4 {[%emt 0:00:11]} a6 {[%emt 0:09:33]} 8. a5 {[%emt 0:00:05]} b5 {[%emt 0:26:04]} 9. axb6 {[%emt 0:00:28]} Rxb6 {[%emt 0:00:09]} 10. Nfd2 {[%emt 0:24:27]} Rb4 {[%emt 0:13:46]} 11. Na3 {[%emt 0:03:00]} Nb6 {[%emt 0:05:59]} 12. Nc2 {[%emt 0:03:17]} Rb5 {[%emt 0:00:38]} 13. Bc6+ {[%emt 0:03:04]} Bd7 {[%emt 0:00:30]} 14. Bxb5 {[%emt 0:02:29]} axb5 {[%emt 0:02:28]} 15. Nf3 {[%emt 0:07:47]} Bd6 {[%emt 0:06:23]} 16. Ne5 {[%emt 0:08:03]} O-O {[%emt 0:00:32]} 17. Bg5 {[%emt 0:01:24]} Be8 {[%emt 0:02:54]} 18. Ng4 {[%emt 0:11:12]} Bc6 {[%emt 0:03:14]} 19. d5 {[%emt 0:10:34]} exd5 {[%emt 0:04:09]} 20. Bxf6 {[%emt 0:03:09]} gxf6 {[%emt 0:00:07]} 21. Qd4 {[%emt 0:00:25]} Kg7 {[%emt 0:02:14]} 22. Qe3 {[%emt 0:03:22]} Kh8 {[%emt 0:02:59]} 23. Qh6 {[%emt 0:01:43]} Be7 {[%emt 0:00:07]} 24. Nd4 {[%emt 0:08:20]} Bd7 {[%emt 0:00:05]} 25. Qh5 {[%emt 0:00:18]} Rg8 {[%emt 0:02:45]} 26. Nh6 {[%emt 0:00:45]} Rg7 {[%emt 0:03:37]} 27. Nxf7+ {[%emt 0:01:46]} Rxf7 {[%emt 0:00:17]} 28. Qxf7 {[%emt 0:00:08]} Be8 {[%emt 0:00:07]} 29. Qe6 {[%emt 0:00:35]} Bd7 {[%emt 0:00:28]} 30. Qf7 {[%emt 0:00:07]} Be8 {[%emt 0:00:18]} 31. Qe6 {[%emt 0:00:09]} Bd7 {[%emt 0:00:04]} 32. Qe3 {[%emt 0:00:05]} Na4 {[%emt 0:00:01]} 33. Ne6 {[%emt 0:02:55]} Qc8 {[%emt 0:00:30]} 34. Nxc7 {[%emt 0:01:05]} 1-0

[Event "VI Sunway Sitges Open 2019"]
[Site "Sitges"]
[Date "2019.12.19"]
[Round "7.15"]
[White "Zadruzny, Nicolaj"]
[Black "Liang, Awonder"]
[Result "0-1"]
[WhiteElo "2308"]
[BlackElo "2593"]
[Annotator "TA"]
[PlyCount "120"]
[EventDate "2019.12.13"]
[EventType "swiss"]
[EventCountry "ESP"]
[SourceTitle "playchess.com"]
[Source "ChessBase"]
[SourceQuality "1"]

{[%evp 14,120,5,7,14,0,5,0,0,-7,-14,-2,33,31,65,61,66,1,14,16,12,14,29,15,14,14,14,15,14,12,20,0,0,0,0,0,0,-5,0,0,0,-22,19,-24,-32,-32,-30,-22,-26,-32,23,0,0,0,0,0,7,0,52,39,51,35,34,32,39,-49,82,75,80,66,80,56,91,0,0,0,0,0,0,0,7,0,0,0,97,0,0,0,169,167,156,159,577,298,282,-1078,-1134,-1367,-1029,-1335,-1469,-1015,-829,-1854,-1592,-12832,-5685,-6631,-5844]} 1. d4 Nf6 2. Nf3 e6 3. g3 d5 4. Bg2 Be7 5. O-O O-O 6. c4 Nbd7 7. b3 dxc4 8. bxc4 c5 {E07: Closed Catalan: Main Line (5 Nf3 0-0 6 0-0 Nbd7)} 9. e3 Qc7 10. Qb3 b6 {The position is equal.} 11. Bb2 Bb7 12. Nbd2 Ne4 $146 ({Predecessor:} 12... Rfd8 13. a4 Bc6 14. Rfd1 Rab8 15. Rac1 Qb7 16. Ne1 Bxg2 17. Nxg2 {0-1 (41) Spiridonov,N (2490)-Kuzmin,G (2565) Varna 1976}) 13. d5 Ndf6 {[%cal Re6d5]} 14. Nxe4 Nxe4 15. Qd3 (15. Rfd1 $14) 15... exd5 16. cxd5 f5 17. Nd2 Nd6 18. a4 Rad8 19. Rfd1 Bf6 20. Bxf6 Rxf6 21. Rac1 Nf7 22. Nc4 Ba6 23. Qc3 Bxc4 24. Qxc4 Nd6 25. Qc2 Rf7 26. Rd2 Rc8 27. Bf1 Qe7 28. Bg2 Qf6 29. Re1 Re7 30. e4 Rce8 {[%cal Rf5e4]} 31. Rde2 f4 (31... Kf8 $15) 32. Bh3 Re5 33. Be6+ Kh8 34. Bf5 Qh6 {White must now prevent ...f3.} 35. f3 Rf8 (35... fxg3 $1 $11 36. hxg3 Nxf5 37. exf5 Qh3 $1 {[%mdl 512]} 38. Rxe5 Rxe5 39. Rxe5 Qxg3+ {[%mdl 64] Double Attack} 40. Kf1 Qxe5) 36. Bg4 Qg5 37. Kg2 h5 38. Be6 Qf6 {White should prevent ...fxg3.} 39. Qc3 (39. Rf2 $14) 39... Rxe6 (39... fxg3 $15 40. hxg3 Rxe4 {[%mdl 64] Discovered Attack} 41. Qxf6 Rxe2+ 42. Rxe2 gxf6) 40. e5 $16 {[%mdl 64] Double Attack} Qg6 41. dxe6 {[%cal Bd5e6,Be6e7][%mdl 32]} Nf5 {[%cal Rf4g3]} 42. e7 $1 {[%cal Re7f8]} Re8 {[%cal Rf4g3]} 43. Re4 (43. Rd1 $1 $16) 43... fxg3 $11 44. h4 Qe6 45. Qd2 Rxe7 46. Qg5 Rd7 47. Qxh5+ Kg8 48. R1e2 c4 {[#]} (48... a6 $1 $11) 49. Qg5 (49. Rf4 $1 $16 g6 50. Qg5) 49... c3 $1 $36 {[%mdl 2048] Black has the initiative.} 50. Qc1 Rd3 $2 (50... Rc7 $1 $11 {and Black stays safe.}) 51. Qc2 $18 Qd5 {[#] ...Rxf3! is the strong threat.} 52. e6 $1 {[%cal Re6e7] Hoping for e7.} Kf8 $2 (52... Rd2 $16 {is a better chance.} 53. Qxc3 Qxe4 {[%mdl 64] Double Attack} 54. Rxd2 (54. fxe4 Rxe2+ 55. Kf1 Rf2+ 56. Ke1 Rf4 $14) (54. Qxd2 Qxh4 55. Kg1 Nd4 $16) 54... Qxe6) 53. e7+ Ke8 {And now ...g5! would win.} 54. Rf4 $4 {[%mdl 8192]} (54. Qc1 $18 g6 55. Qf4) 54... g6 $19 {Black is clearly winning.} 55. Kh3 Rxf3 56. Rxf3 Qxf3 57. Qe4 Qxe4 58. Rxe4 c2 59. Re1 Nd4 60. Rc1 Kxe7 {Accuracy: White = 49%, Black = 59%.} 0-1

[Event "VI Sunway Sitges Open 2019"]
[Site "Sitges"]
[Date "2019.12.19"]
[Round "7.16"]
[White "Peralta, Fernando"]
[Black "Parvanyan, Ashot"]
[Result "1/2-1/2"]
[WhiteElo "2577"]
[BlackElo "2456"]
[Annotator "ChessBase"]
[PlyCount "69"]
[EventDate "2019.12.13"]
[EventType "swiss"]
[EventCountry "ESP"]
[SourceTitle "playchess.com"]
[Source "ChessBase"]
[SourceQuality "1"]
[TimeControl "40/5400+30:1800+30"]

1. d4 {[%emt 0:00:00]} Nf6 {[%emt 0:00:00]} 2. c4 {[%emt 0:00:00]} g6 {[%emt 0:00:01]} 3. Nc3 {[%emt 0:00:00]} Bg7 {[%emt 0:00:06]} 4. e4 {[%emt 0:00:00]} d6 {[%emt 0:00:05]} 5. h3 {[%emt 0:00:33]} O-O {[%emt 0:00:24]} 6. Be3 {[%emt 0:00:15]} c5 {[%emt 0:00:56]} 7. d5 {[%emt 0:00:09]} e6 {[%emt 0:00:24]} 8. Nf3 {[%emt 0:01:05]} exd5 {[%emt 0:01:01]} 9. cxd5 {[%emt 0:00:15]} Re8 {[%emt 0:01:18]} 10. Nd2 {[%emt 0:00:29]} Na6 {[%emt 0:04:59]} 11. Be2 {[%emt 0:00:59]} Nc7 {[%emt 0:01:07]} 12. a4 {[%emt 0:00:21]} b6 {[%emt 0:15:48]} 13. O-O {[%emt 0:00:55]} Rb8 {[%emt 0:08:41]} 14. Bg5 {[%emt 0:01:57]} a6 {[%emt 0:10:47]} 15. f4 {[%emt 0:01:08]} b5 {[%emt 0:02:57]} 16. Bf3 {[%emt 0:01:26]} Qd7 {[%emt 0:07:59]} 17. e5 {[%emt 0:41:45]} dxe5 {[%emt 0:01:15]} 18. Bxf6 {[%emt 0:02:21]} Bxf6 {[%emt 0:00:09]} 19. Nde4 {[%emt 0:00:55]} Bg7 {[%emt 0:02:02]} 20. d6 {[%emt 0:02:57]} Ne6 {[%emt 0:01:32]} 21. Nd5 {[%emt 0:02:50]} Qd8 {[%emt 0:01:32]} 22. axb5 {[%emt 0:20:50]} Rxb5 {[%emt 0:02:00]} 23. fxe5 {[%emt 0:06:53]} Bxe5 {[%emt 0:01:57]} 24. Be2 {[%emt 0:00:33]} Rxb2 {[%emt 0:08:50]} 25. Ndf6+ {[%emt 0:02:55]} Kg7 {[%emt 0:02:25]} 26. Nxe8+ {[%emt 0:03:18]} Qxe8 {[%emt 0:00:05]} 27. Rb1 {[%emt 0:04:55]} Rxb1 {[%emt 0:04:48]} 28. Qxb1 {[%emt 0:00:06]} f5 {[%emt 0:00:28]} 29. Nd2 {[%emt 0:00:35]} Nd4 {[%emt 0:06:25]} 30. Bc4 {[%emt 0:01:10]} Bxd6 {[%emt 0:00:13]} 31. Re1 {[%emt 0:01:23]} Qd8 {[%emt 0:03:53]} 32. Qb2 {[%emt 0:01:14]} Qf6 {[%emt 0:02:47]} 33. Kh1 {[%emt 0:00:08]} Bg3 {[%emt 0:06:57]} 34. Re8 {[%emt 0:00:37]} Be5 {[%emt 0:02:02]} 35. Kg1 {[%emt 0:00:27]} 1/2-1/2